Acteur ayant déjà remporté un oscar - Mort subite - Statistiques

Statistiques générales
  • Ce quiz a été pris 151 fois
  • Le résultat moyen est 5 sur 9
Answers on the Grid
Answers color-coded by a green-red scale on the quiz's grid according to % correct below.
Œuvre
Denzel Washington
Œuvre
Johnny Depp

Tom Hardy
Œuvre
Jamie Foxx
Œuvre
Leonardo DiCaprio
Œuvre
Tom Hanks
Œuvre
Tom Cruise
Œuvre
Rami Malek
Œuvre
Jim Carrey
Œuvre
Harisson Ford
Œuvre
Matthew McConaughey
Œuvre
Michael Keaton
Œuvre
Jean Dujardin

Adrien Brody

Bradley Cooper

Will Smith

Jake Gyllenhaal

Jason Statham

Willem Dafoe

Samuel L. Jackson
 
Statistiques - réponses
Réponse % Correct
Œuvre
Leonardo DiCaprio
75%
Œuvre
Jean Dujardin
73%
Œuvre
Tom Hanks
70%

Adrien Brody
67%

Will Smith
54%
Œuvre
Rami Malek
54%
Œuvre
Denzel Washington
54%
Œuvre
Matthew McConaughey
49%
Œuvre
Jamie Foxx
41%
Aucun quiz correspondant
Distribution des résultats
% des personnes avec chaque résultat
Percentile par nombre de réponses
Votre historique - résultats
Vous n’avez pas pris ce quiz